000 00528nam a2200193Ia 4500
003 GCL
008 140319s9999 xx 000 0 ara d
040 _aGCL /
_cGCL
082 0 4 _aق
_b740.932
_bا ز
100 1 _aاحمد يوسف
245 1 0 _aالزخرفة المصرية القديمة /
_cاحمد يوسف
700 1 _aيوسف خفاجى
300 _a189 ص
490 _a
650 0 4 _aالفن المصرى القديم
650 0 4 _aالمتحف المصرى
650 0 4 _aالزخرفة
942 _2ddc
_cBK
999 _c45844
_d45844